| 000 | 00477nam a2200157 i 4500 | ||
|---|---|---|---|
| 001 | 85412 | ||
| 003 | ES-MaACL | ||
| 005 | 20230906175234.0 | ||
| 007 | t| | ||
| 008 | 041129s1969 sp ||||1| spa d | ||
| 100 | 1 |
_aJiménez Bermejo, María. _966464 |
|
| 245 | 1 | 0 |
_aSuecia _b: un modelo de economía de mercado de base igualitaria / _cMaría Jiménez Bermejo. |
| 260 |
_a[Madrid : _bEuroamérica, _c1969] |
||
| 300 |
_a201 p. ; _c18 cm. |
||
| 852 |
_aES-MaACL _jC-36513 _bR.70663 |
||
| 999 |
_c85412 _d85412 |
||